Sporting players (2010-2020) - Statistics

General Stats
  • This quiz has been taken 7 times
  • The average score is 78 of 155
Answer Stats
Rank Player Positions Nationality Matches Goals (assists) Period % Correct
14 Islam Slimani ST 82 48 (14) 2013-2017
100%
1 Rui Patrício GK 250 0 (1) 2010-2018
100%
3 Sebastián Coates CB 140 10 (4) 2015-2020
100%
45 Abdoulay Diaby RW 31 2 (6) 2018-2020
80%
4 Adrien Silva CM 136 32 (13) 2012-2018
80%
48 Alan Ruiz AM 28 6 (5) 2016-2018
80%
5 André Carrillo CM 110 11 (30) 2011-2016
80%
16 André Martins CM 72 3 (7) 2011-2016
80%
12 Bas Dost ST 84 76 (10) 2016-2020
80%
13 Bruno Fernandes AM 83 39 (28) 2017-2020
80%
10 Bryan Ruiz AM 86 12 (21) 2015-2018
80%
21 Carlos Mané LW 62 9 (12) 2013-2017, 2018-2019
80%
42 Cristián Borja LB 34 1 (1) 2018-2020
80%
6 Diego Capel LW 99 10 (17) 2011-2015
80%
9 Fredy Montero ST 87 30 (9) 2013-2016, 2017-2019
80%
43 Idrissa Doumbia DM 34 1 (0) 2018-2020
80%
8 Jefferson LB 88 3 (21) 2013-2017, 2018-2019
80%
17 Jérémy Mathieu LB 72 6 (3) 2017-2020
80%
15 João Pereira RB 77 2 (5) 2010-2012, 2015-2017
80%
44 Jovane Cabral LW 34 8 (7) 2018-2020
80%
59 Luciano Vietto ST 24 4 (4) 2019-2020
80%
140 Marcelo Boeck GK 4 0 (0) 2011-2012, 2014-2016
80%
11 Marcos Acuña LB 85 7 (15) 2017-2020
80%
27 Marcos Rojo CB 48 5 (1) 2012-2014
80%
32 Maurício CB 42 1 (0) 2013-2015
80%
28 Nani LW 45 14 (10) 2014-2015, 2018-2019
80%
114 Nuno Mendes LB 9 0 (0) 2019-2020
80%
87 Radosav Petrovic CB 16 0 (0) 2017-2019
80%
51 Raphinha LW 28 6 (4) 2018-2020
80%
24 Ricky van Wolfswinkel ST 55 28 (3) 2011-2013
80%
23 Rodrigo Battaglia DM 56 1 (2) 2017-2020
80%
115 Romain Salin GK 9 0 (0) 2018-2019
80%
36 Rúben Semedo CB 38 0 (0) 2015-2017
80%
94 Seydou Doumbia ST 14 0 (0) 2017-2018
80%
2 William Carvalho DM 143 10 (9) 2010-2011, 2013-2018
80%
74 Alberto Aquilani CM 19 3 (0) 2015-2016
60%
34 Ânderson Polga CB 40 0 (1) 2010-2012
60%
84 Andraz Sporar ST 16 6 (1) 2019-2020
60%
78 André Pinto CB 18 0 (0) 2017-2019
60%
96 Bruma LW 13 1 (4) 2012-2013
60%
18 Bruno César CM 69 7 (8) 2015-2019
60%
85 Bruno Gaspar RB 16 1 (0) 2018-2019
60%
19 Cédric Soares RB 67 2 (9) 2010-2011, 2012-2015
60%
57 Cristiano Piccini CB 24 0 (3) 2017-2018
60%
30 Elias CM 42 3 (4) 2011-2013, 2016-2017
60%
38 Emiliano Insúa LB 37 0 (6) 2011-2013
60%
49 Eric Dier CB 28 1 (4) 2012-2014
60%
81 Ewerton CB 17 2 (0) 2014-2016
60%
128 Gelson Fernandes DM 6 0 (0) 2012-2013
60%
70 Gonzalo Plata RW 21 2 (2) 2019-2020
60%
50 Hélder Postiga ST 28 6 (5) 2010-2012
60%
20 João Mário LW 65 11 (16) 2012-2013, 2014-2017
60%
97 João Palhinha DM 13 0 (0) 2016-2018
60%
75 Joel Campbell RW 19 3 (4) 2016-2017
60%
139 Joelson Fernandes LW 4 0 (0) 2019-2020
60%
131 Lazar Markovic RW 6 1 (0) 2016-2017
60%
93 Liedson ST 14 5 (3) 2010-2011
60%
64 Luís Maximiano GK 23 0 (0) 2019-2020
60%
102 Luís Neto CB 12 0 (0) 2019-2020
60%
47 Luiz Phellype ST 30 14 (5) 2018-2020
60%
65 Marat Izmailov AM 23 5 (1) 2010-2013
60%
46 Marvin Zeegelaar LB 31 0 (4) 2015-2017
60%
91 Matheus Pereira AM 15 1 (2) 2015-2017
60%
108 Miguel Luís CM 10 1 (0) 2018-2020
60%
79 Naldo CB 18 0 (0) 2015-2016
60%
53 Nemanja Gudelj DM 27 1 (1) 2018-2019
60%
22 Paulo Oliveira CB 59 1 (0) 2014-2017
60%
35 Renan Ribeiro GK 38 0 (0) 2018-2020
60%
133 Renato Neto DM 6 1 (0) 2011-2012
60%
149 Rodrigo Fernandes DM 2 0 (0) 2019-2020
60%
116 Rúben Ribeiro AM 9 0 (2) 2017-2018
60%
26 Stefan Ristovski RB 52 0 (6) 2017-2020
60%
92 Tobias Figueiredo CB 15 2 (0) 2014-2016
60%
103 Uri Rosell DM 12 0 (0) 2014-2015
60%
25 Wendel CM 53 4 (4) 2017-2020
60%
95 Yannick Bolasie LW 14 1 (3) 2019-2020
60%
99 Abel Ferreira RB 12 2 (1) 2010-2011
40%
124 Alberto Rodríguez CB 7 0 (0) 2011-2012
40%
68 Alberto Zapater DM 22 2 (2) 2010-2011
40%
143 Beto GK 3 0 (0) 2016-2017
40%
52 Carlos Saleiro ST 27 1 (0) 2010-2011
40%
29 Daniel Carriço CB 44 1 (1) 2010-2013
40%
109 Danijel Pranjic LB 9 0 (0) 2012-2013
40%
104 Diego Rubio ST 11 1 (1) 2011-2013
40%
110 Eduardo Quaresma CB 9 0 (0) 2019-2020
40%
39 Ezequiel Schelotto RM 37 0 (8) 2015-2017
40%
41 Fabián Rinaudo DM 36 0 (1) 2011-2014
40%
56 Fábio Coentrão LB 25 1 (3) 2017-2018
40%
151 Gelson ST 1 0 (0) 2016-2017
40%
7 Gelson Martins RW 92 18 (18) 2015-2018
40%
100 Héldon LW 12 1 (0) 2013-2015
40%
118 Hernán Barcos ST 8 0 (0) 2015-2016
40%
130 Iván Piris RB 6 0 (1) 2013-2014
40%
58 Jeffrén RW 24 5 (1) 2011-2013
40%
101 Jesé LW 12 1 (0) 2019-2020
40%
98 Joãozinho LB 13 0 (1) 2012-2013
40%
71 Jonathan Silva LB 21 1 (2) 2014-2016, 2017-2018
40%
72 Junya Tanaka ST 20 5 (2) 2014-2016
40%
148 Leandro Grimi LB 2 0 (0) 2010-2011
40%
112 Luc Castaignos ST 9 0 (0) 2016-2017, 2018-2019
40%
82 Maniche CM 17 1 (1) 2010-2011
40%
86 Marco Torsiglieri CB 16 0 (0) 2010-2011
40%
107 Matheus Nunes CM 10 0 (0) 2019-2020
40%
33 Matías Fernández AM 41 9 (6) 2010-2012
40%
60 Miguel Lopes RB 24 0 (6) 2012-2013, 2014-2015
40%
121 Naby Sarr CB 8 0 (0) 2014-2015
40%
83 Oguchi Onyewu CB 17 4 (0) 2011-2012
40%
126 Pedro Mendes CM 7 0 (0) 2010-2011
40%
132 Pedro Mendes ST 6 0 (0) 2019-2020
40%
144 Pedro Mendes CB 3 0 (0) 2012-2013
40%
106 Pereirinha RW 11 0 (0) 2011-2012
40%
145 Rafael Leão LW 3 1 (1) 2017-2018
40%
153 Shikabala RW 1 0 (0) 2013-2014
40%
61 Simon Vukcevic RW 24 2 (3) 2010-2011
40%
40 Stijn Schaars DM 37 3 (6) 2011-2013
40%
66 Teófilo Gutiérrez ST 23 11 (1) 2015-2016
40%
154 Tiago Ferreira GK 1 0 (0) 2011-2012
40%
54 Tiago Ilori CB 26 1 (0) 2011-2013, 2018-2020
40%
117 Valentin Rosier RB 9 0 (0) 2019-2020
40%
80 Valentín Viola LW 18 1 (1) 2012-2013
40%
123 Vítor Silva AM 8 0 (1) 2013-2014
40%
67 Xandão CB 23 1 (0) 2011-2013
40%
62 Yannick Djaló LW 24 6 (3) 2010-2012
40%
77 Zakaria Labyad AM 19 2 (3) 2012-2013
40%
125 André Felipe ST 7 1 (1) 2016-2017
20%
37 André Santos DM 37 2 (0) 2010-2012
20%
142 Betinho ST 3 0 (0) 2012-2013
20%
137 Bruno Paulista DM 4 0 (0) 2015-2017
20%
88 Chico Geraldes AM 15 0 (0) 2016-2017, 2018-2020
20%
138 Cristiano LW 4 0 (0) 2010-2011
20%
55 Daniel Podence AM 25 0 (7) 2016-2018
20%
89 Diogo Salomão RW 15 2 (1) 2010-2011, 2013-2014
20%
146 Douglas CB 2 0 (0) 2016-2017
20%
90 Eduardo Henrique DM 15 0 (0) 2019-2020
20%
31 Evaldo LB 42 0 (1) 2010-2012
20%
147 Fabrice Fokobo DM 2 0 (0) 2012-2013
20%
111 Gerson Magrão LM 9 0 (0) 2013-2014
20%
129 Iuri Medeiros RW 6 0 (1) 2017-2018
20%
63 Jaime Valdés CM 23 5 (6) 2010-2011
20%
119 Josip Misic DM 8 0 (0) 2017-2019
20%
120 Lumor Agbenyenu LB 8 0 (0) 2017-2019
20%
76 Rafael Camacho RW 19 0 (1) 2019-2020
20%
69 Ricardo Esgaio RB 22 0 (0) 2012-2013, 2014-2017
20%
150 Ryan Gauld AM 2 0 (0) 2014-2015
20%
127 Santiago Arias RB 7 0 (1) 2011-2013
20%
135 Tiago Tomás ST 5 0 (1) 2019-2020
20%
122 Valeri Bozhinov ST 8 2 (0) 2011-2012
20%
155 Wallyson DM 1 0 (0) 2014-2015
20%
73 Wilson Eduardo LW 20 3 (4) 2013-2014
20%
136 Zezinho CM 5 0 (0) 2012-2013
20%
105 Khalid Boulahrouz CB 11 0 (0) 2012-2013
0%
152 Nii Plange LW 1 0 (0) 2012-2013
0%
113 Nuno André Coelho CB 9 0 (1) 2010-2011
0%
134 Sebastián Ribas ST 5 0 (0) 2011-2012
0%
141 Thierry Correia RB 4 0 (0) 2019-2020
0%
No matching quizzes found
Score Distribution
Percent of People with Each Score
Percentile by Number Answered
Your Score History
You have not taken this quiz